| 000 | 01082nam a2200253 a 4500 | ||
|---|---|---|---|
| 001 | 000664672 | ||
| 003 | AM-YeHGA | ||
| 005 | 20250617141722.0 | ||
| 008 | 090623s2009 ||| r 000 0 rus d | ||
| 020 | _z978-5-9963-0023-5 | ||
| 040 | _aAM-YeHGA | ||
| 041 | 0 | _arus | |
| 100 | 1 | _aНовиков, Юрий Витальевич | |
| 245 | 1 | 0 |
_aОсновы микропроцессорной техники : _bУчебное пособие / _cЮ.В. Новиков, П.К. Скоробогатов. |
| 250 | _a4-е изд., испр. | ||
| 260 |
_aМосква : _bИнтернет-ун-т информационных технологий _bБином. Лаборатория знаний, _c2009. |
||
| 300 |
_a357 с. : _bил., табл. |
||
| 440 | 0 | _aОсновы информационных технологий | |
| 504 | _aБиблиогр.: с. 356-357 | ||
| 650 | 1 | 4 | _aВычислительная техника |
| 653 | 0 | _aМикроконтроллеры | |
| 700 | 1 | _aСкоробогатов, Павел Константинович | |
| 090 | _c245521 | ||
| 999 |
_c243937 _d243937 |
||